000 00380nam a2200157Ia 4500
008 230917s9999||||xx |||||||||||||| ||und||
040 _e136262
_aMAIN
041 _aEnglish
082 _a658.4 K 573O
100 _aKinchi, Angelo
245 0 _aOrganizational behaviour
250 _a2nd ed.
260 _aNew Delhi
_bTata McGraw-Hill
_c2006
300 _a460 p.
942 _cBK
999 _c136864
_d136864